| 000 | 00630cam a2200169 4500 | ||
|---|---|---|---|
| 001 | WS108089 | ||
| 008 | 000000n 000 0 eng u | ||
| 035 | _a(Sirsi) u108089 | ||
| 041 | _aeng | ||
| 110 |
_aProject Management Institute _93933 |
||
| 245 | _aProject Management Institute | ||
| 520 | _aUS based organisation claiming to be 'the organisation of choice for project management professionals'. The site details its services to members and publications. | ||
| 650 | _aUNITED STATES | ||
| 690 |
_aProject management _96261 |
||
| 856 | 4 | 0 |
_uhttps://www.pmi.org _zView the website free of charge at www.pmi.org... |
| 942 | _n0 | ||
| 999 |
_c119622 _d119622 |
||